Normal view
MARC view
- Aiman Masood
Entry Personal Name
001 - CONTROL NUMBER
- control field: 91960
003 - CONTROL NUMBER IDENTIFIER
- control field: NUST
005 - DATE AND TIME OF LATEST TRANSACTION
- control field: 20220601100922.0
008 - FIXED-LENGTH DATA ELEMENTS
- fixed length control field: 220601|| aca||aabn | a|a d
040 ## - CATALOGING SOURCE
- Original cataloging agency: NUST
- Transcribing agency: NUST
100 ## - HEADING--PERSONAL NAME
- Personal name: Aiman Masood
670 ## - SOURCE DATA FOUND
- Source citation: Work cat.: (NUST): Aiman Masood., Performance Comparison of GE 1.5 xle HAWT for VSVP and FSFP Control Strategies and Erosion Effect on AEP Losses /, 2022.
